000 00323nam a2200133Ia 4500
008 241014s9999||||xx |||||||||||||| ||und||
020 _a0-071370501
060 _a V 2002
100 _aVogelstein, Bert.
245 4 _aThe Genetic Basis of Human Cancer.
250 _a2nd
260 _bMcGraw-Hill
_c2002
942 _bDIMC
_cBK
999 _c6474
_d6474